000 00476nam a2200181Ia 4500
005 20240823010252.0
008 240823s9999||||xx |||||||||||||| ||und||
041 _aENGLISH
082 _A004.9 N9
100 _a"Halsall,Fred"
245 0 _a"Data Communications,Computer Networks and Open system"
250 _a4th
260 _c1999
_b"Addison,England"
500 _aTRANSFERED
650 _aData Communication
_bInformation Technology
942 _cBK
999 _c158124
_d158124